Central Library OPAC University of Rajshahi

Lattice vibrations / (Record no. 11287)

MARC details
000 -LEADER
fixed length control field 00844nam a2200289 4500
001 - CONTROL NUMBER
control field 11287
003 - CONTROL NUMBER IDENTIFIER
rucl marc code BD-RjUL
005 - DATE AND TIME OF LATEST TRANSACTION
control field 20211208235111.0
008 - FIXED-LENGTH DATA ELEMENTS--GENERAL INFORMATION
fixed length control field 140126t1971 enka b 001 0 eng
020 ## - INTERNATIONAL STANDARD BOOK NUMBER
International Standard Book Number 041610410X
035 ## - SYSTEM CONTROL NUMBER
System control number (BD-RjUL)11336
040 ## - CATALOGING SOURCE
Original cataloging agency DLC
Transcribing agency DLC
Modifying agency DLC
-- BD-RjUL
Language of cataloging eng
041 ## - LANGUAGE CODE
Language code of text/sound track or separate title eng
082 00 - DEWEY DECIMAL CLASSIFICATION NUMBER
Classification number 548.81
Edition number 16
Author mark and year DOL 1971
100 1# - MAIN ENTRY--PERSONAL NAME
Personal name Donovan, Brian.
9 (RLIN) 34922
245 10 - TITLE STATEMENT
Title Lattice vibrations /
Statement of responsibility, etc. by B. Donovan, J. F. Angress.
260 ## - PUBLICATION, DISTRIBUTION, ETC. (IMPRINT)
Place of publication, distribution, etc. London :
Name of publisher, distributor, etc. Chapman and Hall,
Date of publication, distribution, etc. c1971.
300 ## - PHYSICAL DESCRIPTION
Pagination 190 p.;
Illustrations illus.
Size 23 cm.
350 ## - PRICE (NR) (BK AM CF MU VM SE) [OBSOLETE]
Price £2.75
500 ## - GENERAL NOTE
General note Distributed in the U.S.A. by Barnes & Noble.
504 ## - BIBLIOGRAPHY, ETC. NOTE
Bibliography, etc Bibliographical reference and index.
650 #0 - SUBJECT ADDED ENTRY--TOPICAL TERM
Topical term or geographic name as entry element Crystal lattices.
9 (RLIN) 34923
700 1# - ADDED ENTRY--PERSONAL NAME
Personal name Angress, J. F.,
Relator term joint author.
942 ## - ADDED ENTRY ELEMENTS (KOHA)
Source of classification or shelving scheme Dewey Decimal Classification
Koha item type Books
Holdings
Lost status Source of classification or shelving scheme Damaged status Not for loan Collection code Permanent Location Current Location Shelving location Date acquired Source of acquisition Cost, normal purchase price Total Checkouts Full call number Date last seen Copy number Koha item type
  Dewey Decimal Classification   Not For Loan Non-fiction Central Library, University of Rajshahi Central Library, University of Rajshahi Reading Room 02/01/1975 johanthan wren and co. 2.75   548.81 DOL 1971 26/01/2014 C-1 Books
  Dewey Decimal Classification     Non-fiction Central Library, University of Rajshahi Central Library, University of Rajshahi   02/01/1975 Jonathan Wear & co., London 275.00   548.81 DOL 1971 25/05/2017 C-2 Books